| 000 | 00471nam a22001577a 4500 | ||
|---|---|---|---|
| 003 | OSt | ||
| 005 | 20151118102606.0 | ||
| 008 | 151118b xxu||||| |||| 00| 0 eng d | ||
| 040 | _cRUA | ||
| 082 | _aFIS កែវ 1992 B145 Or.1 | ||
| 100 |
_93845 _aកែវ សុវណ្ណារី |
||
| 245 | _aលក្ខណៈជីវសាស្រ្តបង្កងទឹកសាប | ||
| 260 |
_aPhnom Penh _bRUA _c1992 |
||
| 300 |
_a49p. _bill. _c29cm. |
||
| 942 |
_2ddc _cFIS |
||
| 999 |
_c3576 _d3576 |
||